| 000 | 00535nam a2200193 i 4500 | ||
|---|---|---|---|
| 001 | 33943 | ||
| 003 | ES-MaACL | ||
| 005 | 20250911063529.0 | ||
| 007 | t| | ||
| 008 | 030203s1969 sp |||| | spa d | ||
| 100 | 1 |
_aBlasco Romero, Ricardo, _d1919- _929400 |
|
| 245 | 1 | 3 |
_aEl poder oculto / _cRicardo Blasco. |
| 260 |
_a[Barcelona] : _bTelstar, _c[1969] |
||
| 300 |
_a213 p. ; _c18 cm. |
||
| 650 | 4 |
_aPoderes psÃquicos. _9149124 |
|
| 650 | 0 | 4 |
_aEspiritismo. _912502 |
| 852 |
_aES-MaACL _jC-37229 |
||
| 999 |
_c33943 _d33943 |
||